The Odyssey / (Record no. 11715)
[ view plain ]
| 000 -LEADER | |
|---|---|
| fixed length control field | 00977cam a22002895a 4500 |
| 006 - FIXED-LENGTH DATA ELEMENTS--ADDITIONAL MATERIAL CHARACTERISTICS--GENERAL INFORMATION | |
| fixed length control field | a||||f |||| 00| 0 |
| 008 - FIXED-LENGTH DATA ELEMENTS--GENERAL INFORMATION | |
| fixed length control field | 090405t2008 enka fr 000 j eng d |
| 020 ## - INTERNATIONAL STANDARD BOOK NUMBER | |
| International Standard Book Number | 9781405884525 (pack ISBN-) |
| 020 ## - INTERNATIONAL STANDARD BOOK NUMBER | |
| International Standard Book Number | 9781405868037 (Book ISBN-) |
| 020 ## - INTERNATIONAL STANDARD BOOK NUMBER | |
| International Standard Book Number | 9781405868020 (CD- ISBN-) |
| 040 ## - CATALOGING SOURCE | |
| Original cataloging agency | EG-ScBUE |
| Language of cataloging | eng |
| Transcribing agency | EG-ScBUE |
| 082 04 - DEWEY DECIMAL CLASSIFICATION NUMBER | |
| Classification number | 883.01 |
| Item number | HOM |
| 100 1# - MAIN ENTRY--PERSONAL NAME | |
| Personal name | Homer |
| 9 (RLIN) | 5722 |
| 245 10 - TITLE STATEMENT | |
| Title | The Odyssey / |
| Statement of responsibility, etc | Homer; Series editor Andy Hopkins and Jocelyn Potter. |
| 246 30 - VARYING FORM OF TITLE | |
| Title proper/short title | Intermediate |
| 260 ## - PUBLICATION, DISTRIBUTION, ETC. (IMPRINT) | |
| Place of publication, distribution, etc | England : |
| Name of publisher, distributor, etc | Pearson Education, |
| Date of publication, distribution, etc | c.2008. |
| 300 ## - PHYSICAL DESCRIPTION | |
| Extent | 92 p. ; |
| Other physical details | col. ill.; |
| Dimensions | 21 cm. + |
| Accompanying material | 4 CD-ROM (4 3/4 in.) |
| 440 #0 - | |
| -- | Penguin Active Reading; |
| -- | 3148 |
| -- | 4 |
| 590 ## - LOCAL NOTE (RLIN) | |
| Local note | Mohamed Hussein |
| 600 00 - SUBJECT ADDED ENTRY--PERSONAL NAME | |
| Personal name | Homer. |
| Title of a work | Odyssey. |
| 9 (RLIN) | 3149 |
| 650 #0 - SUBJECT ADDED ENTRY--TOPICAL TERM | |
| Topical term or geographic name as entry element | Odysseus (Greek mythology) in literature. |
| 9 (RLIN) | 3150 |
| Source of heading or term | BUEsh |
| 650 #0 - SUBJECT ADDED ENTRY--TOPICAL TERM | |
| Topical term or geographic name as entry element | English fiction. |
| 9 (RLIN) | 3150 |
| Source of heading or term | BUEsh |
| 651 ## - SUBJECT ADDED ENTRY--GEOGRAPHIC NAME | |
| Source of heading or term | BUEsh |
| 700 1# - ADDED ENTRY--PERSONAL NAME | |
| Personal name | Hopkins, Andy |
| 9 (RLIN) | 5723 |
| 700 1# - ADDED ENTRY--PERSONAL NAME | |
| Personal name | Potter, Jocelyn |
| 9 (RLIN) | 5724 |
| 942 ## - ADDED ENTRY ELEMENTS (KOHA) | |
| Item type | Book - Borrowing |
| Call number prefix | 883.01HOM |
| Source of classification or shelving scheme | Dewey Decimal Classification |
| Withdrawn status | Item status | Source of classification or shelving scheme | Damaged status | Not for loan | Vendor | Home library | Current library | Shelving location | Date acquired | Source of acquisition | Cost, normal purchase price | Serial Enumeration / chronology | Total Checkouts | Total Renewals | Full call number | Barcode | Date last seen | Date last borrowed | Koha item type | Public note |
|---|---|---|---|---|---|---|---|---|---|---|---|---|---|---|---|---|---|---|---|---|
| Dewey Decimal Classification | Baccah | Central Library | Central Library | Second Floor | 31/05/2009 | 78.00 | 8029 | 11 | 44 | 428.64 HOM | 000016561 | 15/07/2025 | 20/02/2017 | Book - Borrowing | ||||||
| Dewey Decimal Classification | Baccah | Central Library | Central Library | Second Floor | 31/05/2009 | 8029 | 2 | 3 | 428.64 HOM | 000016562 | 24/08/2022 | 03/10/2010 | CD | DVD - With book | Audio disc 2 | ||||||
| Dewey Decimal Classification | Baccah | Central Library | Central Library | Second Floor | 31/05/2009 | 8029 | 1 | 428.64 HOM | 000016563 | 24/08/2022 | 08/06/2009 | CD | DVD - With book | Audio disc 1 | |||||||
| Dewey Decimal Classification | Baccah | Central Library | Central Library | Second Floor | 31/05/2009 | 8029 | 2 | 3 | 428.64 HOM | 000016564 | 24/08/2022 | 21/04/2010 | CD | DVD - With book | Audio disc 4 | ||||||
| Dewey Decimal Classification | Baccah | Central Library | Central Library | Second Floor | 31/05/2009 | 8029 | 1 | 428.64 HOM | 000016565 | 24/08/2022 | 08/06/2009 | CD | DVD - With book | Audio disc 3 |